[Event "JUG-chT Cup"]
[Site "Becici"]
[Date "1994.??.??"]
[Round "?"]
[White "Ostojic, Nikola"]
[Black "Kosic, Dragan"]
[Result "1/2-1/2"]
[WhiteElo "2450"]
[BlackElo "2515"]

1.d4 d5 2.c4 c6 3.Nf3 Nf6 4.e3 e6 5.Nc3 Nbd7 6.Qc2 Bd6 7.Be2 O-O 8.O-O Qe7
9.Rd1 dxc4 10.Bxc4 e5 11.h3 Nb6 12.Nxe5 Bxe5 13.dxe5 Qxe5 14.Bd3 Nbd5 15.Nxd5 cxd5
16.Bd2 Ne4 17.Bb4 Re8 18.Rac1 Be6 19.Qe2 Rec8 20.Be1 Qg5 21.Rxc8+ Rxc8 22.f3 Bxh3
23.Kf1 Bf5 24.fxe4 dxe4 25.Bc2 Bg4 26.Qd2 Bxd1 27.Bxd1 Rd8 28.Qe2 Rd3 29.Bc2 Rxe3
30.Qc4 h5 31.Bf2 Qf4 32.Kg1 h4 33.Bxe3 Qxe3+ 34.Kh1 Qe1+ 35.Kh2 Qg3+ 36.Kh1 Qe1+
37.Kh2 Qg3+ 38.Kh1  1/2-1/2

[Event "Belgrade"]
[Site "Belgrade"]
[Date "1994.??.??"]
[Round "1"]
[White "Greenfeld, Alon"]
[Black "Kosic, Dragan"]
[Result "1/2-1/2"]
[WhiteElo "2600"]
[BlackElo "2525"]

1.d4 d5 2.c4 c6 3.Nf3 Nf6 4.Nc3 e6 5.e3 Nbd7 6.Bd3 dxc4 7.Bxc4 b5 8.Bd3 a6
9.e4 c5 10.e5 cxd4 11.Nxb5 axb5 12.exf6 gxf6 13.O-O Qb6 14.Be4 Bb7 15.Re1 Bc5
16.Qd3 Rd8 17.a3 Bd6 18.Bxb7 Qxb7 19.Qxd4 Ne5 20.Nxe5 Bxe5 21.Qg4 h5 22.Qh3 Rg8
23.Rb1 Rd4 24.g3 h4 25.Qg2 Qxg2+ 26.Kxg2 hxg3 27.hxg3 Ke7 28.Be3 Rd5 29.Re2 Rc8
30.Rh1 Rd3 31.Rh4 Rb3 32.Bd4  1/2-1/2

[Event "Belgrade (Women)"]
[Site "Belgrade"]
[Date "1994.??.??"]
[Round "3"]
[White "Matveeva, Svetlana"]
[Black "Arakhamia, Ketevan"]
[Result "1-0"]
[WhiteElo "2405"]
[BlackElo "2485"]

1.d4 d5 2.c4 c6 3.Nc3 Nf6 4.e3 e6 5.Nf3 Nbd7 6.Qc2 Bd6 7.b3 O-O 8.Bb2 b6
9.O-O-O Qe7 10.e4 dxe4 11.Nxe4 Ba3 12.Bd3 Bxb2+ 13.Kxb2 c5 14.Ne5 Bb7 15.Nxd7 Nxd7
16.dxc5 f5 17.Nc3 Nxc5 18.f3 a5 19.Rhe1 Qf6 20.Qe2 Rfd8 21.Bc2 Kf7 22.a3 Bc6
23.Qe3 Rd7 24.b4 axb4 25.axb4 Rda7 26.bxc5 Ra2+ 27.Kc1 R8a3 28.Rd3 Ra1+ 29.Kd2 Rxe1
30.Kxe1 Qh4+ 31.Kd2 Qxh2 32.cxb6 Qxg2+ 33.Ne2 Rxd3+ 34.Bxd3 h5 35.Kc3 h4
36.Nf4 Qxf3 37.Qxe6+  1-0

[Event "Belgrade"]
[Site "Belgrade"]
[Date "1994.??.??"]
[Round "3"]
[White "Mozetic, Dejan"]
[Black "Kosic, Dragan"]
[Result "0-1"]
[WhiteElo "2550"]
[BlackElo "2525"]

1.d4 d5 2.c4 c6 3.Nc3 Nf6 4.e3 e6 5.Nf3 Nbd7 6.Qc2 Bd6 7.g4 dxc4 8.Bxc4 Nd5
9.Ne4 Be7 10.Bd2 b5 11.Bd3 Bb7 12.g5 Nb4 13.Bxb4 Bxb4+ 14.Ke2 Be7 15.Nc5 Nxc5
16.dxc5 Bxg5 17.Bxh7 Be7 18.Rhd1 Qa5 19.Ne5 b4 20.Rac1 Qxc5 21.Qxc5 Bxc5
22.Rxc5 Rxh7 23.Rd4 a5 24.Kf3 Rh5 25.Kg4 g6 26.f4 f6 27.Nd7 Ke7 28.Rxh5 gxh5+
29.Kh4 Rg8 30.Nc5 Bc8 31.Nb3 e5 32.fxe5 fxe5 33.Rc4 Kd6 34.Nxa5 c5 35.Rc2 Kd5
36.h3 Bf5 37.Rf2 Bd3 38.b3 Ke4 39.Nb7 Kxe3 40.Rf7 Rc8 41.Kxh5 e4 42.Re7 Kf4
43.Rf7+ Kg3 44.Re7 Kf3 45.Rd7 Bb1 46.Rf7+ Ke3 47.Nd6 Rh8+ 48.Kg4 Bxa2 49.Rc7 Bxb3
50.Rxc5 Bd1+ 51.Kg5 Rh5+  0-1

[Event "Belgrade (Women)"]
[Site "Belgrade"]
[Date "1994.??.??"]
[Round "4"]
[White "Galliamova, Alisa"]
[Black "Botsari Miladinovic, Anna Maria"]
[Result "1-0"]
[WhiteElo "2450"]
[BlackElo "2320"]

1.c4 Nf6 2.Nf3 e6 3.d4 d5 4.Nc3 c6 5.e3 Nbd7 6.Bd3 Be7 7.O-O dxc4 8.Bxc4 b5
9.Bd3 a6 10.e4 Bb7 11.e5 Nd5 12.Ne4 h6 13.a4 Qb6 14.Qe2 Nb4 15.Be3 Nxd3 16.Qxd3 bxa4
17.Rfd1 Qb5 18.Qc2 Nb6 19.Nfd2 Qb4 20.Nc5 Rb8 21.Nde4 O-O 22.Nxa4 c5 23.Nexc5 Rbc8
24.Qd2 Qxd2 25.Rxd2 Nxa4 26.Nxb7 Rc7 27.g3 Bb4 28.Re2 Rxb7 29.Rxa4 a5 30.Rc2 Rfb8
31.Kg2 Kf8 32.Kf3 Rb5 33.Ke4 Be7 34.Bc1 Bd8 35.f4 Rd5 36.f5 Rbb5 37.fxe6 fxe6
38.Rc8 Ke7 39.Rac4 Kd7 40.Ra8 Bb6 41.Rg8 g5 42.Rg7+ Kd8 43.Rg6 Rb4 44.Rxb4 axb4
45.Be3  1-0

[Event "Belgrade (Women)"]
[Site "Belgrade"]
[Date "1994.??.??"]
[Round "5"]
[White "Peng, Zhaoqin"]
[Black "Bojkovic, Natasa"]
[Result "1/2-1/2"]
[WhiteElo "2370"]
[BlackElo "2410"]

1.d4 d5 2.c4 c6 3.Nc3 Nf6 4.e3 e6 5.Nf3 Nbd7 6.Qc2 Bd6 7.b3 O-O 8.Be2 a6
9.O-O e5 10.cxd5 cxd5 11.dxe5 Nxe5 12.Bb2 Nxf3+ 13.Bxf3 Qc7 14.g3 Be6 15.Rac1 Qe7
16.Rfd1 Rac8 17.Qe2 Rc5 18.Ba3 Rc6 19.Bxd6 Rxd6 20.Qd3 Rfd8 21.Qd4 h6 22.Qb4 R8d7
23.Na4 Rd8 24.Nc5 Bc8 25.h4 h5 26.a4 b6 27.Nd3 a5 28.Qd4 Bg4 29.Bxg4 Nxg4
30.Nf4 g6 31.Nd3 Re6 32.Rc2 Nf6 33.Nf4 Red6 34.Rdc1 Ne4 35.Rc7 Qf6 36.Kg2 Nc5
37.Rc3 Qf5  1/2-1/2

[Event "Belgrade (Women)"]
[Site "Belgrade"]
[Date "1994.??.??"]
[Round "6"]
[White "Matveeva, Svetlana"]
[Black "Peng, Zhaoqin"]
[Result "1/2-1/2"]
[WhiteElo "2405"]
[BlackElo "2370"]

1.d4 d5 2.c4 c6 3.Nc3 Nf6 4.e3 e6 5.Nf3 Nbd7 6.Qc2 Bd6 7.b3 O-O 8.Bb2 Qe7
9.Be2 dxc4 10.bxc4 e5 11.O-O Re8 12.a4 c5 13.d5 e4 14.Nd2 a6 15.Rae1 Nf8
16.f3 exf3 17.Bxf3 Ng6 18.Nce4 Nxe4 19.Bxe4 Bg4 20.Bxg6 hxg6 21.e4 Qg5 22.Bc1 Qh5
23.Nf3 f6 24.Bb2 Bxf3 25.gxf3 Re7 26.Re2 Rae8 27.Rg2 g5 28.Bc3 Qh3 29.Be1 f5
30.Bg3 Bxg3 31.Rxg3 Qh6 32.Re1 g4 33.fxg4 Rxe4 34.Rxe4 fxe4 35.g5 Qd6 36.Qc3 Rf8
37.Kg2 Qf4 38.Qe1 g6 39.Qe2 Rf5 40.Kh3 Kf7 41.a5 Ke7 42.Rg4 Qf3+ 43.Qxf3 exf3
44.Re4+ Kd7 45.Re1 f2 46.Rf1 Rf4 47.Kg3 Rxc4 48.Rxf2 Rd4 49.Rf7+ Kc8 50.Rf8+ Kc7
51.Rf7+ Kc8 52.Rf8+ Kc7 53.Rf7+ Kb8 54.Rf8+ Ka7 55.Rd8 c4 56.h4 c3 57.d6 Rc4
58.d7 c2 59.Ra8+ Kxa8 60.d8=Q+ Ka7 61.Qb6+ Kb8 62.Qd6+ Rc7 63.Qf8+ Ka7 64.Qf2+  1/2-1/2

[Event "Belgrade (Women)"]
[Site "Belgrade"]
[Date "1994.??.??"]
[Round "9"]
[White "Galliamova, Alisa"]
[Black "Arakhamia, Ketevan"]
[Result "1/2-1/2"]
[WhiteElo "2450"]
[BlackElo "2485"]

1.d4 d5 2.c4 c6 3.Nf3 Nf6 4.Nc3 e6 5.e3 Nbd7 6.Qc2 Bd6 7.Be2 O-O 8.O-O e5
9.cxd5 cxd5 10.dxe5 Nxe5 11.Rd1 Nxf3+ 12.Bxf3 Qc7 13.h3 Bh2+ 14.Kh1 Be5  1/2-1/2

[Event "Berga op"]
[Site "Berga"]
[Date "1994.??.??"]
[Round "9"]
[White "Agnos, Demetrios"]
[Black "Spassov, Liuben"]
[Result "1-0"]
[WhiteElo "2425"]
[BlackElo "2430"]

1.d4 d5 2.c4 c6 3.Nf3 Nf6 4.Nc3 e6 5.e3 Nbd7 6.Bd3 dxc4 7.Bxc4 b5 8.Bd3 Bb7
9.a3 b4 10.Ne4 Be7 11.axb4 Bxb4+ 12.Bd2 Bxd2+ 13.Nfxd2 O-O 14.Qc2 Qc7 15.O-O Rfc8
16.Nxf6+ Nxf6 17.Nb3 a5 18.Nc5 h6 19.Rfc1 Nd5 20.Be4 Nb4 21.Qa4 Ra7 22.Qxb4 axb4
23.Rxa7 Rb8 24.Rca1 Qc8 25.R1a4 Ra8 26.Rxa8 Bxa8 27.Rxb4 g6 28.g3 Kg7 29.Ra4 Qb8
30.Kg2 g5 31.g4 h5 32.h3 h4 33.Ra6 e5 34.Bf3 exd4 35.exd4 Qc8 36.b4 Qd8 37.Ra4 Qxd4
38.Rxa8 Qxb4 39.Ne4 Qe7 40.Ra5 f6 41.Rc5  1-0

[Event "Berliner Sommer"]
[Site "Berlin"]
[Date "1994.??.??"]
[Round "?"]
[White "Ruzele, Darius"]
[Black "Westphal, Matthias"]
[Result "1/2-1/2"]
[WhiteElo "2495"]
[BlackElo "2310"]

1.d4 d5 2.c4 c6 3.Nc3 Nf6 4.e3 e6 5.Nf3 Nbd7 6.Qc2 Bd6 7.Bd2 O-O 8.O-O-O Qe7
9.h3 e5 10.cxd5 cxd5 11.dxe5 Nxe5 12.Nd4 Bd7 13.Kb1 Rac8 14.Qb3 Nc4 15.Bd3 b5
16.Be1 Qe8 17.Rc1 Na5 18.Qd1 b4 19.Ncb5 Rxc1+ 20.Qxc1 Qb8 21.Nxd6 Qxd6 22.a3 Rc8
23.Qd1 Qb6 24.Bxb4 Nc4 25.Bxc4 dxc4 26.Ka1 Nd5 27.Bc3 Nxc3 28.bxc3 Qa5 29.Qc1 Rb8
30.f3 h6 31.g4 Rb6 32.Rh2 Ba4 33.h4 Bb3 34.h5 Qc5 35.Rd2 Ra6 36.Nc2 Bxc2
37.Rxc2 Rxa3+ 38.Ra2 Rxa2+ 39.Kxa2 Qd5 40.f4 Qg2+ 41.Ka3 Qxg4 42.Qe1 Qe6  1/2-1/2

[Event "Berliner Sommer"]
[Site "Berlin"]
[Date "1994.??.??"]
[Round "?"]
[White "Muse, Mladen"]
[Black "Donner, Bernd"]
[Result "1/2-1/2"]
[WhiteElo "2455"]
[BlackElo "2320"]

1.d4 d5 2.c4 e6 3.Nc3 Nf6 4.Nf3 c6 5.e3 Nbd7 6.Qc2 Bd6 7.Be2 O-O 8.O-O Re8
9.Rd1 Qe7 10.e4 Nxe4 11.Nxe4 dxe4 12.Qxe4 e5 13.Bg5 Qf8 14.dxe5 Nxe5 15.Qc2 Nxf3+
16.Bxf3 Be6 17.Qb3 f6 18.Be3 Qe7 19.Rac1 Qc7 20.g3 Kh8 21.Qc2 Rad8 22.Rd2 a6
23.Rcd1 Be7 24.Be4 Rxd2 25.Rxd2 Rd8 26.b3 Rxd2 27.Bxd2 Bg8 28.Bc3 Qd6 29.h4 b5
30.cxb5 cxb5 31.Bd2 Qd8 32.Be3 a5 33.Qc6 a4 34.bxa4 Qd1+ 35.Kg2 Qxa4 36.Bd5 Bxd5+
37.Qxd5 b4 38.h5 h6 39.Qe6 Qa8+ 40.Kh2 Qd8 41.Qf7 Bf8 42.Kg2 Qe7 43.Qd5 Qe8
44.Kh2 Qe7 45.Kg1 Qe8 46.Kg2 Qc8 47.Kg1 Kh7 48.Qf7 Kh8 49.Kh2 Qd8 50.Qe6 Qa8
51.Kg1 Kh7 52.Qc4 Kh8 53.Bb6 Kh7 54.Qd3+ Kg8 55.Qc4+ Kh8 56.Qf7 Kh7 57.Be3 Kh8
58.Kf1 Qa6+ 59.Ke1 Qc8 60.Qd5 Kh7 61.Ke2 Kh8 62.Kf3 Qe8 63.Bd2 Qc8 64.Kg2 Kh7
65.Be3 Kh8 66.Bb6 Kh7 67.Kh2 Qc2 68.Qf7 Qc8 69.Be3 Kh8 70.Qd5 Kh7 71.Bb6 Qc2
72.Kg2 Kh8 73.Be3 Qc7  1/2-1/2

[Event "Berliner Sommer"]
[Site "Berlin"]
[Date "1994.??.??"]
[Round "?"]
[White "Goy, Udo"]
[Black "Klovans, Janis"]
[Result "0-1"]
[WhiteElo "2220"]
[BlackElo "2405"]

1.d4 Nf6 2.Nf3 e6 3.c4 d5 4.Nc3 c6 5.e3 Nbd7 6.Bd3 dxc4 7.Bxc4 b5 8.Bd3 a6
9.e4 c5 10.d5 c4 11.dxe6 fxe6 12.Bc2 Bb7 13.O-O Bc5 14.Bg5 Qb6 15.Qe2 Ng4
16.Rad1 Nde5 17.Nxe5 Nxe5 18.Qh5+ Ng6 19.e5 O-O 20.Bf6 Rf7 21.Bxg6 hxg6 22.Qxg6 Qc6
23.Rfe1 Qxg2+ 24.Qxg2 Bxg2 25.Kxg2 gxf6 26.Ne4 Bb4 27.Re3 fxe5 28.Rg3+ Rg7
29.Rd7 Rxg3+ 30.fxg3 Kf8 31.h4 Be7 32.h5 Rd8 33.Rc7 Rd4 34.Kf3 Rd3+ 35.Ke2 Rd4
36.Nf2 Bg5 37.Kf3 Bc1 38.Ng4 e4+ 39.Ke2 Bxb2 40.h6 Rd3 41.Ne3 Bd4 42.Nf1 Ra3
43.h7 Rxa2+ 44.Ke1 c3 45.g4 b4 46.Ng3 b3  0-1

[Event "Berliner Sommer"]
[Site "Berlin"]
[Date "1994.??.??"]
[Round "?"]
[White "Zagorskis, Darius"]
[Black "Proehl, Holger"]
[Result "1-0"]
[WhiteElo "2485"]
[BlackElo "2285"]

1.d4 d5 2.c4 e6 3.Nf3 Nf6 4.Nc3 c6 5.e3 Nbd7 6.Bd3 Bd6 7.O-O O-O 8.h3 h6
9.Qc2 e5 10.cxd5 Nxd5 11.Bc4 N5b6 12.Bb3 exd4 13.exd4 Kh8 14.Re1 Nf6 15.Bd2 Nbd5
16.Nxd5 cxd5 17.Ne5 Bd7 18.Qd3 Rc8 19.Rac1 Rxc1 20.Rxc1 Be6 21.Bf4 a6 22.Qe3 Ng8
23.Nd3 Re8 24.Bxd6 Qxd6 25.Qe5 Qxe5 26.dxe5 g5 27.Nb4 d4 28.Bxe6 Rxe6 29.Nd3 Ne7
30.g3 Kg7 31.Rc7 b6 32.f4 gxf4 33.gxf4 Kg6 34.Kf2 f6 35.exf6 Kxf6 36.Ne5 Rd6
37.Ng4+ Ke6 38.Nxh6 d3 39.Rxe7+ Kd5 40.Nf5 Rf6 41.Re5+  1-0

[Event "Berliner Sommer"]
[Site "Berlin"]
[Date "1994.??.??"]
[Round "?"]
[White "Zsinka, Laszlo"]
[Black "Schoeneich, Matthias"]
[Result "0-1"]
[WhiteElo "2360"]
[BlackElo "2205"]

1.d4 d5 2.c4 c6 3.Nf3 Nf6 4.Nc3 e6 5.e3 Nbd7 6.Bd3 dxc4 7.Bxc4 b5 8.Be2 Bb7
9.O-O Be7 10.Qc2 Rc8 11.e4 b4 12.e5 bxc3 13.exf6 Nxf6 14.bxc3 O-O 15.Rb1 Ba8
16.Ba6 Rb8 17.Rxb8 Qxb8 18.Ne5 c5 19.Bg5 Qd6 20.Bd3 cxd4 21.cxd4 Qxd4 22.Bxh7+ Kh8
23.Re1 Bd6 24.Bxf6 gxf6 25.Nc4 Rc8 26.Bd3 Bd5 27.Qe2 Rxc4 28.Qh5+ Kg8 29.Qh7+ Kf8
30.Bxc4 Qxc4 31.Qh6+ Ke7 32.Rc1 Qe4 33.Qh3 Bxa2 34.Ra1 Qd4 35.Rc1 Bd5 36.Qh8 Qe4
37.Qh3 a5 38.Ra1 a4 39.f3 Qe3+ 40.Kh1 a3  0-1

[Event "Berliner Sommer"]
[Site "Berlin"]
[Date "1994.??.??"]
[Round "?"]
[White "Mikhalevski, Victor"]
[Black "Thesing, Matthias"]
[Result "1-0"]
[WhiteElo "2530"]
[BlackElo "2400"]

1.d4 d5 2.c4 e6 3.Nf3 Nf6 4.Nc3 c6 5.e3 Nbd7 6.Bd3 a6 7.O-O dxc4 8.Bxc4 b5
9.Be2 c5 10.a4 b4 11.Nb1 Bb7 12.Nbd2 Be7 13.a5 O-O 14.Bd3 cxd4 15.exd4 Qc7
16.Nc4 Ng4 17.Ncd2 h6 18.Qe2 Bd6 19.h3 Nh2 20.Re1 Nxf3+ 21.Nxf3 Rfe8 22.Ne5 Nxe5
23.dxe5 Bc5 24.Qg4 Red8 25.Bxh6 f5 26.exf6 Rxd3 27.Rac1 Qg3 28.f7+ Kxf7 29.Rxc5 Qxg4
30.Rc7+ Kf6 31.hxg4 gxh6 32.Rxb7 b3 33.Rb6 Re8 34.Re2 Kg5 35.f3 e5 36.Kf2 e4
37.Rxa6 e3+ 38.Kg3 Rd4  1-0

[Event "Berliner Sommer"]
[Site "Berlin"]
[Date "1994.??.??"]
[Round "?"]
[White "Levin, Felix"]
[Black "Ingbrandt, Johan"]
[Result "1-0"]
[WhiteElo "2480"]
[BlackElo "2350"]

1.d4 d5 2.c4 c6 3.Nf3 Nf6 4.Nc3 e6 5.e3 Nbd7 6.Bd3 dxc4 7.Bxc4 b5 8.Bd3 b4
9.Ne4 Bb7 10.a3 a5 11.Nxf6+ Nxf6 12.e4 Be7 13.Qe2 Nd7 14.O-O O-O 15.Rd1 h6
16.Bf4 Qb6 17.axb4 axb4 18.Rac1 Rac8 19.Ne5 Nxe5 20.Bxe5 Rfd8 21.Qg4 Bf8
22.Bc4 c5 23.Rd3 Rxd4 24.Bxd4 cxd4 25.Rdd1 g6 26.Bd3 h5 27.Qf4 Bc5 28.Qg5 b3
29.g3 Kg7 30.Ra1 f6 31.Qd2 Bb4 32.Qe2 e5 33.Rdc1 Rc5 34.Rxc5 Qxc5 35.Qd1 f5
36.f3 fxe4 37.fxe4 Bc8 38.Qxb3 Bd2 39.Kg2 h4 40.Rf1 Qe7 41.Qc2  1-0

[Event "Berliner Sommer"]
[Site "Berlin"]
[Date "1994.??.??"]
[Round "?"]
[White "Krogius, Nikolai V"]
[Black "Von Herman, Ulf"]
[Result "1/2-1/2"]
[WhiteElo "2490"]
[BlackElo "2290"]

1.Nf3 Nf6 2.c4 e6 3.d4 d5 4.Nc3 c6 5.e3 Nbd7 6.Bd3 dxc4 7.Bxc4 b5 8.Be2 Bb7
9.e4 b4 10.e5 bxc3 11.exf6 gxf6 12.bxc3 c5 13.O-O Qc7 14.Be3 Bd6 15.Rb1 Rd8
16.h3 Rg8 17.Ne1 Nb6 18.Bf3 c4 19.Bd2 Bd5 20.Nc2 Qc6 21.Bxd5 Qxd5 22.Ne3 Qe4
23.Ng4 Rg6  1/2-1/2

[Event "Biel op"]
[Site "Biel"]
[Date "1994.??.??"]
[Round "1"]
[White "Bewersdorff, Oliver"]
[Black "Khenkin, Igor"]
[Result "0-1"]
[WhiteElo "2300"]
[BlackElo "2580"]

1.d4 Nf6 2.c4 c6 3.Nc3 d5 4.Nf3 e6 5.e3 Nbd7 6.Bd3 dxc4 7.Bxc4 b5 8.Bd3 Bb7
9.a3 b4 10.Ne4 a5 11.O-O Be7 12.Nfd2 O-O 13.Qc2 c5 14.dxc5 Rc8 15.axb4 axb4
16.Rd1 Bxc5 17.Nxf6+ Qxf6 18.Nc4 Ne5 19.Bxh7+ Kh8 20.Be4 Bxe4 21.Qxe4 Nxc4
22.Qxc4 Bxe3 23.Qe2 Bd4 24.Ra4 Rfd8 25.Be3 Bxe3 26.fxe3 Rxd1+ 27.Qxd1 Qxb2
28.Qh5+ Kg8 29.h3 Qb3  0-1

[Event "Biel op"]
[Site "Biel"]
[Date "1994.??.??"]
[Round "3"]
[White "Gheorghiu, Florin"]
[Black "Savchenko, Stanislav"]
[Result "1/2-1/2"]
[WhiteElo "2455"]
[BlackElo "2570"]

1.c4 e6 2.Nf3 d5 3.d4 Nf6 4.Nc3 c6 5.e3 Nbd7 6.Bd3 dxc4 7.Bxc4 b5 8.Be2 a6
9.e4 b4 10.e5 bxc3 11.exf6 Nxf6 12.bxc3 Bd6 13.O-O O-O 14.Bg5  1/2-1/2

[Event "Biel op"]
[Site "Biel"]
[Date "1994.??.??"]
[Round "6"]
[White "Allen, Andrew"]
[Black "Alterman, Vladimir I"]
[Result "0-1"]
[WhiteElo "2275"]
[BlackElo "2400"]

1.d4 Nf6 2.Nf3 e6 3.c4 d5 4.Nc3 c6 5.e3 Nbd7 6.Qc2 Bd6 7.Be2 O-O 8.O-O Qe7
9.b3 Re8 10.h3 b6 11.Bb2 Bb7 12.Rad1 c5 13.Rfe1 Rac8 14.cxd5 exd5 15.Qf5 a6
16.Bd3 c4 17.bxc4 dxc4 18.Bb1 b5 19.e4 g6 20.Qg5 b4 21.e5 Bxf3 22.gxf3 bxc3
23.Bc1 Bb4 24.exf6 Qxe1+ 25.Rxe1 Rxe1+ 26.Kg2 Nxf6 27.Be3 Rxb1 28.Qxf6 c2
29.Qxa6 Re8 30.Bh6 Bf8 31.Bf4 c1=Q 32.Bxc1 Rxc1 33.Qc6 Re6 34.Qc8 Rd6 35.a4 Rxd4
36.a5 c3 37.a6 Ra4 38.Qe6 Ra3 39.h4 c2 40.h5  0-1

[Event "Biel op"]
[Site "Biel"]
[Date "1994.??.??"]
[Round "9"]
[White "Weindl, Alfred"]
[Black "Tischer, Guenter"]
[Result "1/2-1/2"]
[WhiteElo "2355"]
[BlackElo "2330"]

1.d4 d5 2.c4 c6 3.Nc3 Nf6 4.Nf3 e6 5.e3 Nbd7 6.Bd3 Bd6 7.O-O O-O 8.e4 dxc4
9.Bxc4 e5 10.dxe5 Nxe5 11.Nxe5 Bxe5 12.Qxd8 Rxd8 13.Re1 Be6 14.Bf1 Bd4  1/2-1/2

[Event "Biel op"]
[Site "Biel"]
[Date "1994.??.??"]
[Round "10"]
[White "Mikavica, Mirko"]
[Black "Lamprecht, Frank"]
[Result "0-1"]
[WhiteElo "2270"]
[BlackElo "2340"]

1.d4 d5 2.c4 e6 3.e3 Nf6 4.Nf3 c6 5.Nc3 Nbd7 6.a3 Bd6 7.Be2 O-O 8.O-O Qe7
9.b3 b6 10.Bb2 Bb7 11.Re1 dxc4 12.e4 e5 13.Bxc4 Rad8 14.d5 cxd5 15.exd5 a6
16.Nd4 g6 17.Nc6 Bxc6 18.dxc6 Nb8 19.Nd5 Nxd5 20.Bxd5 Kg7 21.g3 f6 22.Re2 Rc8
23.Rc2 a5 24.Qd3 Bc5 25.Qb5 Qd6 26.Bf3 Qe6 27.Rd1 Nxc6 28.Bxc6 Rxc6 29.b4 axb4
30.axb4 Rd6 31.Ra1 Qb3 32.bxc5 Qxb5 33.cxd6 g5 34.Ra7+ Kg6 35.Ba3 Qd5 36.Rcc7 Kf5
37.d7 Rd8 38.h3 g4 39.h4 Ke6 40.Rcb7 Qb5 41.Kh2 Qc6 42.Bb4 f5 43.Bd2 f4 44.gxf4 Qf3
45.Rxb6+ Kf7 46.Be1 exf4 47.Rb8 Qh3+  0-1

[Event "GER-ch"]
[Site "Binz"]
[Date "1994.??.??"]
[Round "2"]
[White "Bezold, Michael"]
[Black "Gerstner, Wolfgang"]
[Result "1/2-1/2"]
[WhiteElo "2475"]
[BlackElo "2380"]

1.c4 Nf6 2.Nc3 c6 3.d4 d5 4.Nf3 e6 5.e3 Nbd7 6.Qc2 Bd6 7.Bd2 O-O 8.h3 Qe7
9.g4 e5 10.g5 Ne4 11.Nxe4 dxe4 12.Qxe4 f5 13.gxf6 Nxf6 14.Qh4 exd4 15.Nxd4 Ne4
16.Qxe7 Bxe7 17.Rh2 Nxf2 18.Ke2 Ne4 19.Be1 Bd6 20.Rh1 Ng3+ 21.Bxg3 Bxg3 22.Rg1 Rf2+
23.Kd3 Bh2 24.Rg2 Rxf1 25.Rxf1 Bxh3 26.Rxg7+ Kxg7 27.Rh1 c5 28.Rxh2 Bf1+
29.Ne2 Rd8+ 30.Kc2 Bxe2 31.Rxe2 h5 32.Kb3 Kf6 33.Ka4 h4 34.Kb5 b6 35.a4 Kf5
36.e4+ Kf4 37.e5 Re8 38.e6 Kf5 39.e7 Kf6 40.Re4 Rxe7 41.Rxh4 Re2  1/2-1/2

[Event "Bled op"]
[Site "Bled"]
[Date "1994.??.??"]
[Round "?"]
[White "Tratar, Marko"]
[Black "Grom, Waldemar"]
[Result "1-0"]
[WhiteElo "2380"]
[BlackElo "2005"]

1.d4 d5 2.Nf3 Nf6 3.c4 c6 4.Nc3 e6 5.e3 Nbd7 6.Qc2 Be7 7.b3 O-O 8.Bd3 Re8
9.O-O Nf8 10.Bb2 Bd6 11.e4 dxe4 12.Nxe4 Nxe4 13.Bxe4 f5 14.Bd3 Ng6 15.Rfe1 Nf4
16.Bf1 Bd7 17.g3 Ng6 18.Rad1 Rc8 19.Bg2 Re7 20.Qd2 h6 21.Bc3 Qe8 22.Ne5 Bxe5
23.dxe5 Rc7 24.Qd6 Qc8 25.Qa3 b6 26.Rd6 Rf7 27.Red1 Nf8 28.c5 Qb8 29.Qb4 Rc8
30.h4 h5 31.Bf3 g6 32.Bd2 Qc7 33.Bh6 Nh7 34.Qd2 Be8 35.Rxe6 Re7 36.Rxe7 Qxe7
37.Qd6 Kf7 38.Be2 b5 39.Qxe7+ Kxe7 40.Rd6 Rd8 41.b4 Rxd6 42.cxd6+ Ke6 43.f4 Bf7
44.Kf2 Kd7 45.a3 Be6 46.Ke3 Kc8 47.Kd4 Kb7 48.Kc5 a6 49.Bf3 Bd7 50.Bg7  1-0

[Event "Bled op"]
[Site "Bled"]
[Date "1994.??.??"]
[Round "?"]
[White "Tratar, Marko"]
[Black "Doric, Nenad"]
[Result "1/2-1/2"]
[WhiteElo "2380"]
[BlackElo "2285"]

1.d4 d5 2.Nf3 Nf6 3.c4 c6 4.Nc3 e6 5.e3 Nbd7 6.Qc2 Bd6 7.Be2 O-O 8.O-O Qe7
9.Rd1 Re8 10.b3 b6 11.Bb2 Bb7 12.e4 Nxe4 13.Nxe4 dxe4 14.Qxe4 f5 15.Qe3 c5
16.Ne5 Nf6 17.Bf3 Ne4 18.dxc5 Bxc5 19.Bd4 Bd6 20.Bxe4 Bxe4 21.f3 Qc7 22.fxe4 Bxe5
23.Bxe5 Qxe5 24.Qd4 Qxd4+ 25.Rxd4 Rad8 26.Rad1 Rxd4 27.Rxd4 Kf7 28.Kf2 Ke7
29.Ke3 Rf8 30.exf5  1/2-1/2

[Event "Bled op"]
[Site "Bled"]
[Date "1994.??.??"]
[Round "?"]
[White "Farago, Ivan"]
[Black "Crepan, Marjan"]
[Result "1-0"]
[WhiteElo "2515"]
[BlackElo "2300"]

1.d4 d5 2.c4 c6 3.Nc3 Nf6 4.e3 e6 5.Nf3 Nbd7 6.Qc2 Be7 7.b3 a6 8.a4 b6 9.Bd3 Bb7
10.Bb2 c5 11.Qe2 Ne4 12.O-O Bd6 13.Rfd1 Qe7 14.Bc2 O-O 15.cxd5 exd5 16.Nxd5 Bxd5
17.dxc5 Bxc5 18.Rxd5 Ndf6 19.Re5 Qb7 20.Ng5 Nxg5 21.Rxg5 Ne8 22.Qh5 f5 23.Bxf5 Rxf5
24.Rxf5 g6 25.Qg4 Nd6 26.Rf6 Qe4 27.Qd7  1-0

[Event "Bled op"]
[Site "Bled"]
[Date "1994.??.??"]
[Round "?"]
[White "Kummer, Helmut"]
[Black "Burmakin, Vladimir"]
[Result "0-1"]
[WhiteElo "2295"]
[BlackElo "2530"]

1.d4 Nf6 2.c4 e6 3.Nf3 d5 4.Nc3 c6 5.e3 Nbd7 6.Bd3 dxc4 7.Bxc4 b5 8.Be2 b4
9.Na4 Qa5 10.O-O Ba6 11.b3 Bb5 12.Nb2 Be7 13.Nc4 Qc7 14.Bb2 O-O 15.Rc1 Rfc8
16.Bd3 a5 17.Re1 a4 18.Qd2 Qb7 19.e4 h6 20.Rc2 Rd8 21.e5 Nd5 22.Re4 Nf8 23.h3 Kh8
24.g4 Kg8 25.h4 c5 26.dxc5 Bxc5 27.Bd4 axb3 28.axb3 Nc3 29.Rf4 Bxd4 30.Nxd4 Bxc4
31.bxc4 Ra1+ 32.Rc1 Rxc1+ 33.Qxc1 Qb6 34.Qe3 b3 35.c5 Qxc5 36.Rxf7 Kxf7  0-1

[Event "Bled op"]
[Site "Bled"]
[Date "1994.??.??"]
[Round "?"]
[White "Dizdarevic, Emir"]
[Black "Golubovic, Boris"]
[Result "1-0"]
[WhiteElo "2515"]
[BlackElo "2370"]

1.c4 c6 2.Nc3 d5 3.e3 Nf6 4.Nf3 e6 5.d4 Nbd7 6.Qc2 Bd6 7.Be2 O-O 8.O-O Qe7
9.Rd1 Re8 10.a3 dxc4 11.Bxc4 e5 12.h3 h6 13.Nh4 Nb6 14.Ng6 Qc7 15.Nxe5 Bxe5
16.dxe5 Qxe5 17.Bd3 c5 18.e4 c4 19.Bf1 Bd7 20.Be3 Bc6 21.f3 Qe6 22.Bf2 Rad8
23.a4 Nfd7 24.a5 Nc8 25.Nd5 Bxd5 26.exd5 Qf6 27.Bxc4 a6 28.Bb3 Nd6 29.Ba4 Rc8
30.Qd2 Red8 31.Rac1 Ne5 32.b3 Qg6 33.Rc3 Qf6 34.Rdc1 Rxc3 35.Rxc3 Nf5 36.Bb6 Rf8
37.Rc1 Qg6 38.Kh1 Nd3 39.Rd1 Nh4 40.Bc7 f5 41.Qe2 Nc5 42.Qf2 Nxa4 43.bxa4  1-0

[Event "Bled op"]
[Site "Bled"]
[Date "1994.??.??"]
[Round "?"]
[White "Bukic, Enver"]
[Black "Florjancic, Rudolf"]
[Result "1-0"]
[WhiteElo "2445"]
[BlackElo "2165"]

1.d4 Nf6 2.c4 e6 3.Nf3 d5 4.Nc3 c6 5.e3 Bd6 6.Bd3 Nbd7 7.O-O O-O 8.e4 dxe4
9.Nxe4 Nxe4 10.Bxe4 Nf6 11.Bc2 b6 12.b3 Bb7 13.Bb2 Re8 14.Qe2 g6 15.Rad1 Bf8
16.Ne5 Bg7 17.Qe3 Qe7 18.Rd2 Rac8 19.Bd1 c5 20.Bf3 cxd4 21.Bxd4 Red8 22.Rfd1 Ne8
23.Bxb7 Qxb7 24.Ng4 Qe7 25.Bxg7 Kxg7 26.g3 Rxd2 27.Rxd2 h5 28.Ne5 Rc7 29.Qc3 f6
30.Nf3 Rd7 31.Rxd7 Qxd7 32.c5 bxc5 33.Qxc5 Qc7 34.Nd4 Kf7 35.Nc6 a6 36.b4 g5
37.a4 Qd7 38.b5 axb5 39.axb5 Qd1+ 40.Kg2 Qd5+ 41.Qxd5 exd5 42.b6 Nd6 43.Nd8+ Kg6
44.b7 Nxb7 45.Nxb7 g4 46.Nc5 Kf5 47.Kf1 h4 48.Ke2 hxg3 49.hxg3 Ke5 50.Ke3 d4+
51.Kd3 f5 52.Nb3 f4 53.Nxd4 fxg3 54.fxg3 Kd5 55.Ke3 Ke5 56.Ne2  1-0

[Event "Brno-A"]
[Site "Brno"]
[Date "1994.??.??"]
[Round "9"]
[White "Stohl, Igor"]
[Black "Krasenkow, Michal"]
[Result "1/2-1/2"]
[WhiteElo "2560"]
[BlackElo "2595"]

1.Nf3 d5 2.d4 Nf6 3.c4 e6 4.Nc3 c6 5.e3 Nbd7 6.Bd3 Bd6 7.e4 dxe4 8.Nxe4 Nxe4
9.Bxe4 O-O 10.O-O h6 11.Bc2 e5 12.b3 Re8 13.Re1 exd4 14.Rxe8+ Qxe8 15.Qxd4 Bc5
16.Qd3 Nf6 17.Bb2 Qd7 18.Qc3 Qe7 19.h3  1/2-1/2

[Event "Bucharest-B (Women)"]
[Site "Bucharest"]
[Date "1994.??.??"]
[Round "?"]
[White "Ionescu Ilie, Viorica"]
[Black "Ignatescu, Ruxandra"]
[Result "1/2-1/2"]
[WhiteElo "2175"]
[BlackElo "2100"]

1.d4 d5 2.c4 e6 3.Nc3 Nf6 4.Nf3 c6 5.e3 Nbd7 6.Bd3 dxc4 7.Bxc4 b5 8.Bb3 a6
9.O-O Be7 10.a3 Bb7 11.Qe2 c5  1/2-1/2

[Event "Ciocaltea mem"]
[Site "Bucharest"]
[Date "1994.??.??"]
[Round "4"]
[White "Maiwald, Jens Uwe"]
[Black "Stripunsky, Alexander"]
[Result "0-1"]
[WhiteElo "2490"]
[BlackElo "2510"]

1.d4 d5 2.c4 c6 3.e3 Nf6 4.Nc3 e6 5.Nf3 Nbd7 6.Qc2 Bd6 7.Be2 O-O 8.O-O dxc4
9.Bxc4 a6 10.Rd1 Qc7 11.h3 c5 12.Be2 b5 13.dxc5 Bxc5 14.b3 Bb7 15.Bb2 Rac8
16.Rac1 Qb6 17.Qd2 Rfd8 18.Qe1 Qa5 19.Nd5  0-1

[Event "Ciocaltea mem"]
[Site "Bucharest"]
[Date "1994.??.??"]
[Round "6"]
[White "Marin, Mihail"]
[Black "Stripunsky, Alexander"]
[Result "0-1"]
[WhiteElo "2530"]
[BlackElo "2510"]

1.d4 d5 2.c4 c6 3.Nc3 Nf6 4.e3 e6 5.Nf3 Nbd7 6.Qc2 Bd6 7.g4 dxc4 8.Bxc4 e5
9.g5 Nd5 10.Ne4 Bb4+ 11.Bd2 Bxd2+ 12.Qxd2 Qe7 13.O-O-O N7b6 14.Bb3 Bg4 15.Nxe5 Bxd1
16.Qxd1 O-O-O 17.Qg4+ Kb8 18.h4 Ka8 19.Nc5 f6 20.Ned3 Rhe8 21.Rh3 Nd7 22.Rg3 Nxc5
23.Nxc5 g6 24.gxf6 Nxf6 25.Qg5 b6 26.Ne6 Rd6 27.Rf3 Ne4 28.Qxe7 Rxe7 29.Nf4 Rf6
30.Bc2 Kb7 31.Kd1 a5 32.Ke2 Nd6 33.Bd3 Nf5 34.Bxf5 Rxf5 35.Kd3 Ref7 36.b3 c5
37.dxc5 Rxc5 38.e4 h6  0-1